La dinámica de grupo en la educación: (Registro nro. 8679)

Detalles MARC
000 -Cabecera
Campo de control interno 00496nam a2200181Ia 4500
005 - Fecha y hora del registro
control field 20260306160627.0
008 - Elementos de Longitud Fija
fixed length control field 260306t1964||||xx |||||||||||||| ||spa||
041 ## - Idioma
Codigo Idioma ESP
082 ## - DEWEY y NOTACIÓN INTERNA
Dewey 371.3
Notación Interna B22
100 ## - AUTOR
Autor denominación Bany, Mary A.
Término de relación autor
245 #0 - TÍTULO DE MATERIAL BIBLIOGRÁFICO
Título La dinámica de grupo en la educación:
Título paralelo la conducta colectiva en las clases de primera y segunda enseñanza
260 ## - CIUDAD, EDITORIAL, AÑO
Año 1964
300 ## - DESCRIPCIÓN
N° Páginas 433 páginas :
Dimensiones 21 cm.
650 ## - TEMAS
Temas Generalidades
654 ## - PROGRAMAS
Programa Dpto. de Educación
942 ## - ELEMENTOS DE KOHA
Tipo de documento Libro
Nombre del creador Justo Noguera
Código de catalogador Justo Noguera
Esquema de clasificación Dewey Decimal Classification
Suppress in OPAC
Existencias
Codigo completo Registro Colección Copia número Disponibilidad Tipo de préstamo Biblioteca Actual Procedencia (Biblioteca) Ubicacón Fecha Ingreso Tipo de Adquisición Date last seen Total checkouts Price effective from Tipo de Item Estado del Material Fuente de Clasificación Damaged status Withdrawn status
371.3 B22 1051033 Colección Navarra 1 Disponible Disponible Víctor Andrés Belaunde Víctor Andrés Belaunde Planta baja abierta 03/06/2026 Donación 06/03/2026   06/03/2026 Libro Bueno Dewey Decimal Classification